30+1 tváří compliance v České republice : rozhovory o klíčových tématech a praxi

Saved in:
Bibliographic Details
Main Author Andreisová, Lucie (Author)
Format Book
LanguageCzech
Published V Praze : C.H. Beck, 2026
Edition1. vydání
Subjects
ISBN978-80-7699-042-5
Physical Descriptionxii, 361 stran ; 24 cm

Cover

LEADER 00000nam a2200000 i 4500
001 115476
003 CZ-ZlUTB
005 20260429082904.0
007 ta
008 260130s2026 xr e 000 0dcze
015 |a cnb003738422 
020 |a 978-80-7699-042-5  |q (brožováno) 
040 |a OLA001  |b cze  |e rda 
043 |a e-xr--- 
045 |a x-y- 
072 7 |a 658  |x Řízení a správa podniku  |2 Konspekt  |9 4 
080 |a 001.8-057.86  |2 MRF 
080 |a 001.8-057.86-055.2  |2 MRF 
080 |a 658:17  |2 MRF 
080 |a (437.3)  |2 MRF 
080 |a (047.53)  |2 MRF 
100 1 |a Andreisová, Lucie  |7 ola20191034559  |4 aut 
245 1 0 |a 30+1 tváří compliance v České republice :  |b rozhovory o klíčových tématech a praxi /  |c Lucie Andreisová 
246 3 |a Třicet plus jedna tváří compliance v České republice 
250 |a 1. vydání 
264 1 |a V Praze :  |b C.H. Beck,  |c 2026 
300 |a xii, 361 stran ;  |c 24 cm 
336 |a text  |b txt  |2 rdacontent 
337 |a bez média  |b n  |2 rdamedia 
338 |a svazek  |b nc  |2 rdacarrier 
504 |a Obsahuje bibliografické odkazy 
648 7 |a 20.-21. století  |7 ch462155  |2 czenas 
650 0 7 |a experti  |7 ph182935  |z Česko  |y 20.-21. století  |2 czenas 
650 0 7 |a expertky  |7 ph939241  |z Česko  |y 20.-21. století  |2 czenas 
650 0 7 |a korporátní compliance  |7 ph1041607  |2 czenas 
650 0 7 |a korporátní compliance  |7 ph1041607  |z Česko  |2 czenas 
650 0 9 |a specialists  |z Czechia  |y 20th-21st centuries  |2 eczenas 
650 0 9 |a women specialists  |z Czechia  |y 20th-21st centuries  |2 eczenas 
650 0 9 |a corporate compliance  |2 eczenas 
650 0 9 |a corporate compliance  |z Czechia  |2 eczenas 
655 7 |a rozhovory  |7 fd133303  |2 czenas 
655 9 |a interviews  |2 eczenas 
710 2 |a Nakladatelství C.H. Beck  |7 kn20060710001  |4 pbl 
910 |a ZLD002 
942 |2 udc 
952 |0 0  |1 0  |4 0  |6 658ANDREISOVÁL  |7 0  |8 BOOK  |9 190723  |a UTBZL  |b UTBZL  |c 005  |d 2026-04-09  |l 0  |o 658/ANDREISOVÁ,L.  |p 420010201946  |r 2026-04-09 14:46:10  |v 890.00  |w 2026-04-09  |x N:nákup  |y 01 
992 |a BK  |b SK 
999 |c 115476  |d 115476